Former Countries of the 21st Century - Flags - Statistics

General Stats
  • This quiz has been taken 30 times
  • The average score is 23 of 50
Answer Stats
Flag Timeframe Region Answer % Correct
Afghanistan
100%
hello there 1996–2001;(2021-pres) West/Central Asia Islamic Emirate of Afghanistan
96%
Islamic Emirate of Afghanistan
96%
hello there 2004–2021 West/Central Asia Islamic Republic of Afghanistan
96%
Syria
96%
Syria
96%
hello there 1963–2024 West Asia Syrian Arab Republic
96%
Russia
92%
Iraq
71%
Iraq
71%
Serbia
71%
hello there 2014–2017 West Asia Islamic State
67%
hello there 2014–2022 Eastern Europe Luhansk People's Republic
67%
hello there 2014–2022 Eastern Europe Donetsk People's Republic
63%
Somalia (Somaliland)
63%
hello there 2014 Eastern Europe Crimea
58%
hello there 1992–2003 Southern Europe Federal Republic of Yugoslavia
58%
Montenegro
58%
Azerbaijan
54%
Pakistan
54%
hello there 1991–2023 West Asia Republic of Artsakh
50%
hello there 1991–2000 West Asia Chechen Republic of Ichkeria
46%
Somalia
46%
Mali
42%
Sri Lanka
42%
hello there 2002–2009 South Asia Tamil Eelam
42%
2003–2006 Southern Europe State Union of {Serbia} and {Montenegro}
38%
Comoros
33%
hello there 2015–2020 West Asia Islamic Emirate of Yemen
29%
North Macedonia
29%
hello there 1998–2004 Eastern Africa Puntland
29%
hello there 1990–2002 Eurasia Republic of Tatarstan
29%
Yemen
29%
hello there 1997–2002;2007–2008 Southern Africa Anjouan
25%
hello there 1994–2003 West Asia Islamic Emirate of Kurdistan
25%
Mexico
25%
Philippines
21%
hello there 2012–2013 West Africa State of Azawad
21%
hello there 1994–2023 North America Zapatista Territories
21%
Cameroon
17%
Central African Republic
17%
hello there hello there 2014–2015 Eastern Europe Novorossiya
17%
WOWA 2013 South East Asia United Federated States of Bangsamoro Republik
13%
hello there 1998–2001 Eastern Africa Jubaland
8%
hello there 2012–2017 Eastern Africa Khatumo State
8%
hello there 2015–2021 Central Africa Logone
8%
hello there 2011–2013 Eastern Africa Republic of Azania
8%
hello there 2006–2009 West Africa Democratic Republic of Bakassi
4%
hello there 2007–2009 Eastern Africa Maakhir
4%
hello there 2014 Southern Europe Republic of Ilirida
4%
No matching quizzes found
Score Distribution
Percent of People with Each Score
Percentile by Number Answered
Your Score History
You have not taken this quiz